| 000 | 00468nam a22001817a 4500 | ||
|---|---|---|---|
| 003 | CEME | ||
| 005 | 20210628205952.0 | ||
| 008 | 210209b xxu||||| |||| 00| 0 eng d | ||
| 020 | _a0-8269-0703-2 | ||
| 040 | _c. | ||
| 082 | _a747.3 HAR | ||
| 100 |
_aHarris, W. Robert _977703 |
||
| 245 | _aDrywall installation and application | ||
| 260 |
_aUSA _bAMERICAN TECHNICAL PUBLICATION _c1979 |
||
| 300 | _a168P | ||
| 650 |
_aDRYWALL MATERIALS _977704 |
||
| 942 |
_cBK _2ddc |
||
| 999 |
_c582925 _d582925 |
||